LEADER 01012nam a2200253 i 4500 001 000000177473 003 CaOOAMICUS 005 20090205000000.0 008 090205s1998 it u000 u ita u 013 $a155007 040 $aSeMil$bita 100 1 $aGogh, Vincent : van <1853-1890>.$0(OLS)http://semarc/name/18711 245 10$aVan Gogh :$bNotte stellata. 260 $aMilano :$bRCS Rizzoli Libri,$ccopyr. 1998. 300 $a48 p. :$briccamente ill. ;$c31 cm. 490 0 $aCento dipinti 500 $aDono di don Romano Martinelli. 650 4$aVan Gogh, Vincent <1853-1890> . De sterrennacht.$0(OLS)http://semarc/subject/33888 830 0$aCento dipinti.$0(OLS)http://semarc/title/27224 850 $aSeMil 852 $aSeMil$W1$xVenegono$y1$m5T VII 72$j128284$B128284$CSeMilBibl$Z2$F139139 $81 961 $aOmaggio: Martinelli don Romano 996 $6245$aVan Gogh :$bNotte stellata$9(OLS)http://semarc/title/254897 996 $6260$aMilano :$bRCS Rizzoli Libri$9(OLS)http://semarc/publisher/30293 LEADER 00914nam a2200217 i 4500 001 000000245014 003 CaOOAMICUS 005 20150914000000.0 008 150914s1944 it u000 u ita u 013 $a223919 040 $aSeMil$bita 245 10$aCamaldolesi :$ble figure pił espressive dell'ordine viste da S. Pier Damiano, Dante, Petrarca, ecc. 260 $aArezzo :$bCamaldoli,$cstampa 1944. 300 $a228 p. ;$c25 cm. 500 $aContiene : Bibliografia. - Fondo card. Giovanni Colombo. 650 4$aCamaldolesi.$0(OLS)http://semarc/subject/8542 850 $aSeMil 852 $aSeMil$W1$xVenegono$y1$m3GC VIII 125$j195360$B195360$CSeMilBibl$Z2$F206042 $8B 941 1 $a3 996 $6245$aCamaldolesi :$ble figure pił espressive dell'ordine viste da S. Pier Damiano, Dante, Petrarca, ecc$9(OLS)http://semarc/title/274536 996 $6260$aArezzo :$bCamaldoli$9(OLS)http://semarc/publisher/35925